Double Half Missing Word: Authors Quiz Stats

 Plays Quiz Updated Sep 21, 2018

Score 0/24 Timer 04:00
7 Plays Today
% Correct
tha stie
91%
aret hell
90.8%
tor go
90.5%
lip th
89.5%
eph ler
88.3%
rt egut
88.1%
lor well
88.1%
nica th
86.6%
ham ene
86.6%
man ler
86.5%
mas ris
85.7%
ous ley
84.9%
% Correct
ne ce
84%
an ntz
83.7%
ni ison
83.3%
hur ley
82.4%
ul low
80.9%
ie sel
79.2%
ff ney
78.9%
hn sey
78.4%
led eini
77.2%
on is
77.2%
man uk
77%
na ber
75.9%

You're not logged in!

Compare scores with friends on all Sporcle quizzes.
OR
Log In

Sporcle TV

Today on Sporcle TV


Watch our educational content, quiz creation guides, and fun videos on Sporcle TV.

Show Comments

Extras

Top Quizzes Today


Score Distribution

Your Account Isn't Verified!

In order to create a playlist on Sporcle, you need to verify the email address you used during registration. Go to your Sporcle Settings to finish the process.

Report this User

Report this user for behavior that violates our Community Guidelines.

Details: